000
00331 a2200157 4500
001
74809
020
_a
9788581930732
040
_c
Anchieta - Colégio São Paulo
100
_a
Dias, Elaine
240
1
0
_a
Almeida Júnior
_l
por
245
1
0
_a
Almeida Júnior
300
_a
93
362
0
_a
2013
650
4
_a
Pintura
942
_c
BK
999
_c
74809
_d
74809